|
|
|
|
| LEADER |
00000nmm a2200000 a 4500 |
| 008 |
180925b2006 cr ||||| |||| 00| | spa d |
| 999 |
|
|
|c 2442
|d 2442
|
| 090 |
|
|
|a CD #125
|
| 110 |
2 |
|
|a Nemagón Blues Prodakchons
|9 4298
|
| 245 |
1 |
0 |
|a Costa Rica S.A. /
|c Nemagón Blues Prodakchons
|
| 260 |
|
|
|a San José, Costa Rica :
|b [editor no identificado]
|c 2006
|
| 300 |
|
|
|a Disco compacto
|b Videodisco
|
| 650 |
1 |
4 |
|a LIBRE COMERCIO
|9 4295
|
| 650 |
1 |
4 |
|a ACUERDOS INTERNACIONALES
|9 2872
|
| 650 |
1 |
4 |
|a ECONOMÍA
|9 344
|
| 650 |
1 |
4 |
|a PRIVATIZACIÓN
|9 972
|
| 650 |
1 |
4 |
|a GUERRA
|9 2786
|
| 650 |
1 |
4 |
|a TRABAJO
|9 886
|
| 650 |
1 |
4 |
|a PROPIEDAD INTELECTUAL
|9 4297
|
| 650 |
1 |
4 |
|a INDUSTRIALIZACIÓN
|9 4296
|
| 650 |
1 |
4 |
|a MEDIO AMBIENTE
|9 792
|
| 650 |
1 |
4 |
|a TELECOMUNICACIONES
|9 2862
|
| 650 |
1 |
4 |
|a SEGUROS
|9 3124
|
| 650 |
1 |
0 |
|a LEGISLACIÓN
|9 45
|
| 650 |
1 |
4 |
|a DEMOCRACIA
|9 589
|
| 650 |
1 |
4 |
|a COSTA RICA- ESTADOS UNIDOS
|
| 651 |
1 |
4 |
|9 47
|a COSTA RICA
|
| 651 |
1 |
4 |
|9 372
|a ESTADOS UNIDOS
|
| 942 |
|
|
|i 003438
|h CD #125
|2 z
|c 08
|